Loreto College Library, Kolkata
WEBOPAC (ONLINE PUBLIC ACCESS CATALOGUE)

A History of Indian literature 1911 - 1956, (Record no. 13510)

MARC details
000 -LEADER
fixed length control field 00670nam a2200217Ia 4500
005 - DATE AND TIME OF LATEST TRANSACTION
control field 20240103113820.0
008 - FIXED-LENGTH DATA ELEMENTS--GENERAL INFORMATION
fixed length control field 131103s9999 xx 000 0 und d
020 ## - ISBN | অাই এস বি এন
ISBN | অাই এস বি এন 8179017987
PRICE Rs.400
040 ## - CATALOGING SOURCE
Original cataloging agency Loreto College
041 ## - LANGUAGE CODE
Language code English
082 ## - DDC | ডিউই
Classification number | বর্গসংখ্যা 891.409
Book Number | গ্রন্থাঙ্ক DAS
100 ## - MAIN ENTRY--PERSONAL NAME | মুখ্য সংলেখ - ব্যাক্তিনাম
Personal name | ব্যাক্তিনাম Das,Sisir Kumar
245 #2 - TITLE STATEMENT | অাখ্যা বিবরণী
Title | অাখ্যা A History of Indian literature 1911 - 1956,
Sub title | উপঅাখ্যা
Statement of responsibility | লেখকের দায়িত্বের বিবরণ Sisir Kumar Das
250 ## - EDITION STATEMENT | সংস্করণ ক্ষেত্র
Edition statement | সংস্করণ struggle for freedom (Triumph and tragedy)
260 ## - IMPRINT | প্রকাশনা ক্ষেত্র
Place of publication | প্রকাশ স্থান New Delhi
Name of publisher | প্রকাশকের নাম Sahitya Akademi
Date of publication | প্রকাশ কাল 1995
300 ## - PHYSICAL DESCRIPTION |
Page / Vol. No | পৃষ্ঠা / খন্ড সংখ্যা xvi,908 p.
504 ## - BIBLIOGRAPHY, ETC. NOTE
Bibliography, etc Includes bibliographical references
650 ## - SUBJECT ADDED ENTRY--TOPICAL TERM | বিষয় শিরোনাম - মূল বিষয়
Topical term | মূল বিষয় Indian Literature - History and Criticism,1911 - 1956
850 ## - HOLDING INSTITUTION
Holding institution LCLIB
942 ## - ADDED ENTRY ELEMENTS (KOHA)
Koha item type Books
Holdings
Withdrawn status Lost status Source of classification Damaged status Not for loan Home library Current library Date acquired Total Checkouts Full call number Accession No. Date last seen Date checked out Price effective from Koha item type Coded location qualifier
    Dewey Decimal Classification     Loreto College Loreto College 04/11/2013 1 891.409 DAS 41381 B13537 23/08/2017 23/08/2017 04/11/2013 Books  
    Dewey Decimal Classification     Loreto College Loreto College 04/11/2013 1 891.409 DAS 41381 B38980 16/02/2022 08/02/2022 04/11/2013 Books